LEADER 01327nab a2200265 ar4500 001 000000154539 003 CaOOAMICUS 005 20161003120059.0 008 161003s1999 it u p 0 a0ita r 020 $a88-243-1299-3 (v. 6) 032 $aLibriCat 035 $a10846773 040 $aPUL$bita 245 03$aLe intese viste dalle confessioni /$ca cura di Mario Tedeschi. 260 $aNapoli :$bJovene,$c1999. 300 $a225 p.;$c24 cm 500 $aSulla coperta: Dipartimento di filosofia dei diritti dell'uomo e della libertà di religione. Facoltà di Giurisprudenza. Università degli studi di Napoli "Federico II". 650 4$aLibertà religiosa$zItalia.$0(OLS)http://pul/subject/20043 700 1 $aTedeschi, Mario.$0(OLS)http://pul/name/21538 710 2 $aUniversità degli studi di Napoli.$bFacoltà di giurisprudenza.$bDipartimento di filosofia dei diritti dell'uomo e della libertà di religione.$0(OLS)http://pul/name/97450 773 1 $tQuaderni della scuola di specializzazione in diritto ecclesiastico e canonico.$dNapoli : Jovene, 1991-$gv. 6 (1999)$w()48428 996 $6020$a88-243-1299-3 (v. 6)$9(OLS)http://pul/number/60879 996 $6245$aLe intese viste dalle confessioni$9(OLS)http://pul/title/65218 996 $6260$aNapoli :$bJovene$9(OLS)http://pul/publisher/47845 LEADER 01247nam a2200301 a 4500 001 000000171890 003 CaOOAMICUS 005 20190514135106.0 008 190514s2019 it u000 u ita r 020 $a978-88-467-5489-9* 032 $aLibriCat 040 $aPUL$bita 082 04$a103 245 14$aUna lunga conversazione : $bricordo di Lorenzo Calabi /$ca cura di Elisa Bertò; prefazione di Lorenzo Amoroso. 260 $aPisa :$bETS,$c2018. 300 $a115 p. ;$b$c22 cm 440 0$aPhilosophica (ETS)$pSerie blu ;$v218 504 $aBibliografia in nota a piè pagina. 830 0$aPhilosophica (ETS)$pSerie blu ;$v218.$0(OLS)http://pul/title/163016 850 $aPUL 852 $aPUL$W1$xSL Filosofia 3$y81$m103 COLL 13.218$j195741$qDDC 21$B200587$CPULBib$Z2$F200587 $H132598 $82 941 1 $a9 996 $6020$a978-88-467-5489-9*$9(OLS)http://pul/number/166057 996 $6082$a103$9(OLS)http://pul/classification/621 996 $6440$aPhilosophica (ETS)$pSerie blu$9(OLS)http://pul/title/163016 996 $6245$aUna lunga conversazione : $bricordo di Lorenzo Calabi$9(OLS)http://pul/title/212750 996 $6260$aPisa :$bETS$9(OLS)http://pul/publisher/65234